[Event "FICGS W-ch st1 g09 email"]
[Site "FICGS email"]
[Date "2021.08.15"]
[Round "1"]
[White "Chronopoulos, Antonis"]
[Black "Sengupta, Arnab"]
[Result "1/2-1/2"]
[WhiteElo "2085"]
[BlackElo "1019"]
[PlyCount "55"]
[EventDate "2021.??.??"]
[EventType "tourn (corr)"]
[EventRounds "6"]
[SourceTitle "Corr 2024"]
[Source "ChessBase"]
[SourceDate "2023.10.19"]
[SourceVersion "1"]
[SourceVersionDate "2023.10.19"]
[SourceQuality "1"]

1. d4 d5 2. c4 dxc4 3. Nf3 Nf6 4. e3 e6 5. Bxc4 c5 6. 0-0 a6 7. b3 cxd4 8. Nxd4 Be7 9. Be2 0-0 10. Bb2 b5 11. a4 bxa4 12. Rxa4 Bb7 13. Rc4 Bd5 14. Rc1 Ra7 15. Nc3 Ba8 16. Nb1 Rc7 17. Nd2 Bd5 18. Rxc7 Qxc7 19. Qa1 Rc8 20. Ba3 Bxa3 21. Qxa3 Qb7 22. Nc4 Ne8 23. g3 Nc6 24. Nxc6 Qxc6 25. Ra1 Rb8 26. Nd2 Qc3 27. Qc1 Rc8 28. Qxc3 1/2-1/2